000 00512nam a2200169 4500
999 _c510450
_d510450
008 190818b ||||| |||| 00| 0 eng d
100 _aSmith, Jessica C.
_98536
245 _aPolitics and parenthood: an examination of UK party leadership elections
260 _c2018
300 _ap.196-217.
650 _aElections - United Kingdom
_98492
650 _aGender
_98493
650 _aLeadership
_98494
773 _aParliamentary Affairs
906 _aPolitical parties - United Kingdom
942 _2ddc
_cAR